| 000 | 00977nam a2200289 i 4500 | ||
|---|---|---|---|
| 001 | 179623 | ||
| 003 | ES-MaACL | ||
| 005 | 20230922174831.0 | ||
| 008 | 111226s2010 sp aceo |||| |dspa d | ||
| 020 | _a978-84-87744-53-2 | ||
| 080 | _a792(083.97) | ||
| 080 | _a821.111(73)-23"19" | ||
| 100 | 1 |
_aMamet, David. _975900 |
|
| 245 | 1 | 0 |
_aGlengarry Glen Ross / _cDavid Mamet ; versión y dirección, Daniel Veronese. |
| 250 | _a1ª ed. | ||
| 260 |
_aMadrid : _bTeatro Español, _c2010. |
||
| 300 |
_a270 p. : _bil. col. y n., planos, retr. ; _c20 x 20 cm. |
||
| 490 | 1 |
_aCuadernos del Teatro Español ; _v29 |
|
| 600 | 1 | 4 |
_aMamet, David. _975900 |
| 650 | 7 |
_aTeatro- _xProgramas. _9145288 |
|
| 700 | 1 |
_aVeronese, Daniel. _9148856 |
|
| 710 | 2 |
_aTeatro Español (Madrid) _9143020 |
|
| 830 | 0 |
_aCuadernos del Teatro Español ; _v29 _9189460 |
|
| 852 |
_aES-MaACL _jA-11768 _9186520 _bR.146712 _cDEPO1 _dOlim: N-4773 |
||
| 942 |
_2udc _cMONOGRAFIA |
||
| 999 |
_c179623 _d179623 |
||